000
00302nam a22001337a 4500
008
170823b xxu||||| |||| 00| 0 eng d
020
_a
1568810539
041
_a
eng
080
_a
51
100
_a
38
101
_a
MAT
245
_a
POLYNOMIAL INVARIANTS OF FINITE GROUPS
_c
SMITH,L
942
_2
udc
_c
BK
999
_c
24707
_d
24707